Drop malý (Otis tarda.)

Bibliographic Details
Main Author: Rajský, Milan (Author)
Format: Article
Language:Slovak
Subjects:

MARC

LEADER 00000nab a2200000 a 4500
001 vtls000395180
003 SK-MaSNL
005 20260302232325.0
008 111202c1990 xo 0 slo
015 |a SNBRB19rr/mm-uuuuu 
035 |a CL0395304 
040 |a SNKBUCL  |b slo  |c SNKBUCL  |e AACR2 
041 0 |a slo 
044 |a xo  |c SK 
080 |a 598.32  |2 1981 
100 1 |a Rajský, Milan  |4 aut  |9 265259 
245 1 0 |a Drop malý  |b (Otis tarda.)  |c Milan Rajský 
650 0 7 |a drop malý  |2 snkbucl  |9 134022 
650 0 7 |a drop veľký  |2 snkbucl  |9 3776 
655 7 |a články z novín a časopisov  |2 snkbucl  |9 267496 
773 0 |t Život  |g Roč. 40, č. 40 (1990), s. 62 
850 |a Slovenská národná knižnica v Martine  |a MTA001 
852 |a SNK  |b KIS3GCP 
958 |a RK 
992 |a RBX 
999 |c 1542431  |d 1544361